00513nam a2200145Ia 4500008004100000041000800041082001400049100003400063245004500097260004800142300002400190365000900214999001700223952012700240240624s9999 xx 000 0 und d aeng a650.1 HAR aHARVARD BUSINESS SCHOOL PRESS aHARVARD BUSINESS REVIEW ON BRINGING YOUR c2008aBostonbHarvard Business School Press a182 : p. : cm. ; 21 cb30 c11080d11080 02104070aIMTNbIMTNcRack 18-Bd2008-10-15eBWEg22.00n4962o650.1 HARp11080r2024-06-24 00:00:00t48w2024-06-24yBK